<?xml version="1.0" encoding="UTF-8"?>
<record
    xmlns:xsi="http://www.w3.org/2001/XMLSchema-instance"
    xsi:schemaLocation="http://www.loc.gov/MARC21/slim http://www.loc.gov/standards/marcxml/schema/MARC21slim.xsd"
    xmlns="http://www.loc.gov/MARC21/slim">

  <leader>01091nab a2200253 i 4500</leader>
  <controlfield tag="001">179993</controlfield>
  <controlfield tag="003">ES-MaACL</controlfield>
  <controlfield tag="005">20250827063229.0</controlfield>
  <controlfield tag="008">120313e1913    sp  | p||     100 ||spa d</controlfield>
  <datafield tag="100" ind1="1" ind2=" ">
    <subfield code="a">Moret, Segismundo,</subfield>
    <subfield code="d">1833-1913</subfield>
    <subfield code="e">aut</subfield>
    <subfield code="9">162747</subfield>
  </datafield>
  <datafield tag="245" ind1="1" ind2="0">
    <subfield code="a">Jos&#xE9; Bonaparte : </subfield>
    <subfield code="b">[conferencia le&#xED;da en el Ateneo de Madrid, organizada por el presidente de la Secci&#xF3;n de Ciencias Hist&#xF3;ricas] / </subfield>
    <subfield code="c">por Segismundo Moret</subfield>
  </datafield>
  <datafield tag="300" ind1=" " ind2=" ">
    <subfield code="a">P&#xE1;ginas 4-30</subfield>
  </datafield>
  <datafield tag="594" ind1=" " ind2=" ">
    <subfield code="5">Precede al t&#xED;tulo: Conferencias del Ateneo de Madrid, 1912</subfield>
  </datafield>
  <datafield tag="599" ind1=" " ind2=" ">
    <subfield code="a">Retrato del autor en portada</subfield>
  </datafield>
  <datafield tag="600" ind1="0" ind2=" ">
    <subfield code="a">Jos&#xE9; </subfield>
    <subfield code="b">I, </subfield>
    <subfield code="c">Rey de Espa&#xF1;a</subfield>
    <subfield code="9">200727</subfield>
  </datafield>
  <datafield tag="610" ind1="2" ind2="4">
    <subfield code="a">Ateneo de Madrid-</subfield>
    <subfield code="v">Conferencias-</subfield>
    <subfield code="y">1900-1939</subfield>
    <subfield code="9">1907</subfield>
  </datafield>
  <datafield tag="651" ind1=" " ind2="4">
    <subfield code="a">Espa&#xF1;a-</subfield>
    <subfield code="x">Historia-</subfield>
    <subfield code="y">1808-1814, Guerra de la Independencia</subfield>
    <subfield code="9">8244</subfield>
  </datafield>
  <datafield tag="655" ind1=" " ind2="0">
    <subfield code="a">Conferencias</subfield>
    <subfield code="9">234444</subfield>
  </datafield>
  <datafield tag="710" ind1="2" ind2=" ">
    <subfield code="a">Ateneo de Madrid. </subfield>
    <subfield code="b">Secci&#xF3;n de Ciencias Hist&#xF3;ricas</subfield>
    <subfield code="e">isb</subfield>
    <subfield code="9">1981</subfield>
  </datafield>
  <datafield tag="773" ind1="0" ind2=" ">
    <subfield code="t">La Palabra : revista taquigr&#xE1;fica, </subfield>
    <subfield code="x">ISSN 2479-7723,</subfield>
    <subfield code="g">1 enero 1913, n. 1, p. 4-30</subfield>
    <subfield code="w">2879</subfield>
    <subfield code="0">2879</subfield>
    <subfield code="9">2987</subfield>
  </datafield>
  <datafield tag="942" ind1=" " ind2=" ">
    <subfield code="c">ANAB</subfield>
    <subfield code="2">udc</subfield>
    <subfield code="n">0</subfield>
  </datafield>
  <datafield tag="999" ind1=" " ind2=" ">
    <subfield code="c">179993</subfield>
    <subfield code="d">179993</subfield>
  </datafield>
</record>
